| 000 | 01333nab a22002417a 4500 | ||
|---|---|---|---|
| 999 |
_c6544 _d6544 |
||
| 003 | OSt | ||
| 005 | 20260223133101.0 | ||
| 008 | 190506c xxu||||| |||| 00| 0 spa d | ||
| 040 | _cPJ | ||
| 100 |
_95587 _aClément, María Florencia |
||
| 245 | 1 | 3 |
_aLa importancia de la perspectiva de género en el derecho individual del trabajo / _cMaría Florencia Clément. |
| 260 |
_aBuenos Aires : _bAbeledoPerrot, _c2024. |
||
| 300 | _ap. 19-29 | ||
| 500 | _aCita: TR LALEY AR/DOC/836/2024. | ||
| 505 | _aSumario: I. Introducción.— II. ¿Qué es la perspectiva de género?— III. Obligatoriedad de la aplicación de la perspectiva de género.— IV. Legislación laboral con perspectiva de género.— V. Medidas de acción positiva y políticas públicas laborales con perspectiva de género.— VI. Resoluciones judiciales laborales con perspectiva de género.— VII. Conclusiones.— VIII. Bibliografía. | ||
| 505 | _t¿Te interesa el texto completo? Comunicate al correo: koha@justierradelfuego.gov.ar | ||
| 650 | 0 |
_91316 _aDERECHO LABORAL |
|
| 650 | 0 |
_94044 _aPERSPECTIVA DE GÉNERO |
|
| 650 | 0 |
_91487 _aTRABAJO DE MUJERES |
|
| 650 | 0 |
_9179 _aGARANTIAS CONSTITUCIONALES › |
|
| 773 | 0 |
_02751 _93202 _dBuenos Aires : AbeledoPerrot, 2013- _tRevista de derecho laboral y seguridad social. Nº 10 - Mayo 2024 |
|
| 942 |
_2udc _cANA |
||